Sports Quiz

Random Sports or MLB Quiz

Most HRs in MLB Season Since 2005 Quiz Stats

 Plays Quiz not verified by Sporcle

Challenge
Share
Tweet
Embed
Score 0/65 Timer 08:00
0 Plays Today
Team (Year) Player % Correct
Phillies (2006)Ryan Howard
99.5%
Yankees (2007)Alex Rodriguez
99.2%
Red Sox (2006)David Ortiz
99%
Phillies (2008)Ryan Howard
98.5%
Phillies (2007)Ryan Howard
98.4%
Red Sox (2005)David Ortiz
98.4%
Yankees (2005)Alex Rodriguez
98.2%
Blue Jays (2010)Jose Bautista
98%
Cardinals (2006)Albert Pujols
97.9%
Cardinals (2009)Albert Pujols
97.7%
Braves (2005)Andruw Jones
97.2%
Marlins (2017)Giancarlo Stanton
97.1%
Orioles (2013)Chris Davis
97.1%
Phillies (2009)Ryan Howard
96.6%
Orioles (2015)Chris Davis
96.4%
Brewers (2009)Prince Fielder
96.4%
Tigers (2012)Miguel Cabrera
96.4%
Tigers (2013)Miguel Cabrera
96.4%
Brewers (2007)Prince Fielder
96.2%
Yankees (2017)Aaron Judge
94.3%
Blue Jays (2011)Jose Bautista
93.8%
Athletics (2016)Khris Davis
93.4%
Red Sox (2005)Manny Ramirez
93.3%
Cardinals (2010)Albert Pujols
93%
Brewers (2012)Ryan Braun
92%
Nationals (2015)Bryce Harper
91.8%
Athletics (2017)Khris Davis
91.4%
Cardinals (2005)Albert Pujols
90.8%
Astros (2006)Lance Berkman
90%
Blue Jays (2015)Jose Bautista
90%
Rangers (2012)Josh Hamilton
89.9%
Braves (2006)Andruw Jones
89%
Angels (2015)Mike Trout
89%
Team (Year) Player % Correct
Cubs (2005)Derek Lee
88.2%
Blue Jays (2012)Edwin Encarnacion
87.9%
Rays (2007)Carlos Pena
87.7%
Blue Jays (2015)Josh Donaldson
87.1%
Orioles (2016)Mark Trumbo
86.8%
Mariners (2015)Nelson Cruz
86.7%
Mariners (2016)Nelson Cruz
85.8%
Rockies (2016)Nolan Arenado
84.9%
Reds (2005)Adam Dunn
84.1%
Reds (2007)Adam Dunn
84.1%
Reds (2006)Adam Dunn
84%
Angels (2015)Albert Pujols
83.6%
White Sox (2005)Paul Konerko
83.3%
Rockies (2015)Nolan Arenado
82.3%
Reds/Diamondbacks (2008)Adam Dunn
82.3%
Nationals (2006)Alfonso Soriano
80.4%
Yankees (2012)Curtis Granderson
79.9%
Rockies (2015)Carlos Gonzalez
78.4%
Twins (2016)Brian Dozier
78.3%
White Sox (2006)Jermaine Dye
78.1%
Indians (2006)Travis Hafner
76.3%
Orioles (2014)Nelson Cruz
75.9%
Mets (2006)Carlos Beltran
73.3%
Yankees (2011)Curtis Granderson
73%
Brewers (2016)Chris Carter
72.6%
Diamondbacks (2009)Mark Reynolds
71%
Padres (2009)Adrian Gonzalez
70%
White Sox (2016)Todd Frazier
68.9%
White Sox (2012)Adam Dunn
68.1%
White Sox (2006)Jim Thome
62%
Rangers (2017)Joey Gallo
60%
Rangers (2005)Mark Teixeira
56.3%

You're not logged in!

Compare scores with friends on all Sporcle quizzes.
Join for Free
OR
Log In

You Might Also Like...

Show Comments

Extras

Created Jun 13, 2016ReportNominate
Tags:MLB Quiz, 2005, Home Runs, MLB Player

Top Quizzes Today


Score Distribution

Your Account Isn't Verified!

In order to create a playlist on Sporcle, you need to verify the email address you used during registration. Go to your Sporcle Settings to finish the process.

Report this User

Report this user for behavior that violates our Community Guidelines.

Details: